|
|
|
|
| LEADER |
00000nam a22000007a 4500 |
| 005 |
20141010012255.0 |
| 007 |
cr|||| |||| |
| 008 |
141010s2014 br |||||s|||| 00||0 por d |
| 020 |
|
|
|a 978-85-361-3020-0
|
| 035 |
|
|
|a 12451
|
| 040 |
|
|
|a vLex
|
| 090 |
|
|
|c 5217
|d 5217
|
| 100 |
1 |
|
|a Rua de Almeida, Renato
|
| 245 |
1 |
0 |
|a Direitos Fundamentais aplicados ao Direito Sindical
|h [Recurso electrn̤ico] /
|c Renato Rua de Almeida
|
| 256 |
|
|
|a Servicio en ln̕ea
|
| 260 |
|
|
|a San Pablo:
|b LTR Editora,
|c 2014
|
| 300 |
|
|
|a 1 recurso electrn̤ico
|
| 506 |
1 |
|
|a Disponible solo en los productos indicados
|d vLex Global
|d vLex Global (Academic Edition, excluding Law Schools)
|d vLex Global (U.S. Academic Edition, Law Schools)
|d vLex Global (U.S. Academic Edition, excluding Law Schools)
|d vLex Global (Academic Edition, Law Schools)
|
| 650 |
0 |
4 |
|a Derechos y Deberes fundamentales
|z Brasil
|
| 650 |
0 |
4 |
|a Derecho Sindical
|z Brasil
|
| 740 |
0 |
|
|a vLex Libros (Servicio en ln̕ea)
|
| 856 |
4 |
0 |
|u http://vlex.com/source/direitos-fundamentais-direito-sindical-12451
|z Acceso restringido
|
| 942 |
|
|
|c BOOK
|
| 999 |
0 |
|
|a Fundamental Rights and Duties
|
| 999 |
0 |
|
|a Labour Law
|